书目信息 |
| 题名: |
人造卫星
|
|
| 作者: | 齐格尔 , Зигель 著 ;滕砥平 , 蒋芝英 译 | |
| 分册: | ||
| 出版信息: | 北京 科学普及出版社 1957 |
|
| 页数: | 92页 | |
| 开本: | 19cm | |
| 丛书名: | ||
| 单 册: | ||
| 中图分类: | V474 | |
| 科图分类: | ||
| 主题词: | 人造卫星 , 航天器 , 航天器--运载工具 | |
| 电子资源: | ||
| ISBN: | ||
| 000 | 00978nam0 2200325 45 980 | |
| 001 | 0632931296 | |
| 005 | 20060812090938.42 | |
| 010 | @dCNY0.35 | |
| 091 | @a15051.71 | |
| 100 | @a19970321d1957 em y0chiy0121 ea | |
| 101 | 1 | @achi@crus |
| 102 | @aCN@b110000 | |
| 105 | @afk z 000yy | |
| 106 | @ar | |
| 200 | 10 | @a人造卫星@f(苏)齐格尔,Х.著@Aren zao wei xing@g滕砥平,蒋芝英译 |
| 210 | @a北京@c科学普及出版社@d1957 | |
| 215 | @a92页@c图,表@d19cm | |
| 300 | @a译自:Искусутвеннмй спутник эемли | |
| 300 | @a据1956年俄文版译出 | |
| 510 | 1 | @aИскусутвеннмй спутник эемли@zrus |
| 606 | @a人造卫星 | |
| 606 | 0 | @a航天器 |
| 606 | 0 | @a航天器@x运载工具 |
| 690 | @aV474@v3 | |
| 701 | 1 | @a齐格尔@bХ.@f苏@4著@Aqi ge er |
| 701 | A1 | @aЗигель@bХ.@f苏@4著@AЗигель |
| 702 | 0 | @a滕砥平@4译@Ateng di ping |
| 702 | 0 | @a蒋芝英@4译@Ajiang zhi ying |
| 801 | 0 | @c20060812 |
| 905 | @a10447@dV474@e30 | |
| 人造卫星/(苏)齐格尔,Х.著/滕砥平,蒋芝英译 .-北京:科学普及出版社,1957 |
| 92页:图,表;19cm |
| 译自:Искусутвеннмй спутник эемли.-据1956年俄文版译出 |
| ISBN :CNY0.35 |
| ● |
| 相关链接 |
|
|
|
|
正题名:人造卫星
索取号:V474/30
 
预约/预借
| 序号 | 登录号 | 条形码 | 馆藏地/架位号 | 状态 | 备注 |
| 1 | 0452328 | 204523284 | 密集书库/ [索取号:V474/30] | 在馆 |